[Event "4NCL-9899B IK2-BR2"]
[Site "Rd1-Warwick"]
[Date "1998.10.24"]
[Round "1.4"]
[White "Easton, Alex"]
[Black "Taylor, Martin"]
[Result "1-0"]
[WhiteElo "2104"]
[BlackElo "2130"]
[PlyCount "117"]
[EventDate "1998.10.24"]
[SourceDate "1998.10.28"]

1. Nf3 d5 2. c4 e6 3. d4 Nf6 4. Bg5 c6 5. e3 Nbd7 6. Bd3 Be7 7. Nc3 O-O 8. O-O
Re8 9. Rc1 b6 10. cxd5 exd5 11. Qa4 Bb7 12. Rfd1 a6 13. b4 Qb8 14. Qb3 h6 15.
Bh4 Ne4 16. Bxe4 dxe4 17. Bg3 Bd6 18. Nd2 Nf6 19. Qb1 Bxg3 20. hxg3 Qd8 21.
Ndxe4 Nxe4 22. Nxe4 h5 23. Nd2 h4 24. gxh4 Qxh4 25. Nf3 Qh5 26. d5 cxd5 27. Rc7
Bc8 28. Qd3 Bg4 29. Qxd5 Bxf3 30. Qxf3 Qxf3 31. gxf3 Red8 32. Rxd8+ Rxd8 33.
Ra7 Rd1+ 34. Kg2 Rb1 35. a3 a5 36. bxa5 bxa5 37. Rxa5 Ra1 38. a4 g6 39. Kg3 Ra2
40. f4 Kg7 41. Ra8 Kf6 42. a5 Ke7 43. a6 Kf6 44. e4 Kg7 45. Kf3 Ra3+ 46. Ke2
Ra4 47. Kd3 Kf6 48. f3 Ke7 49. Kc3 Kd6 50. Kb3 Ra1 51. Ra7 Ke6 52. Kb4 Ra2 53.
Kc5 Ra3 54. Kb6 f5 55. Ra8 Rb3+ 56. Kc5 Ra3 57. a7 fxe4 58. fxe4 Ra5+ 59. Kb4
1-0

[Event "4NCL-9899B IK2-BR2"]
[Site "Rd1-Warwick"]
[Date "1998.10.24"]
[Round "1.5"]
[White "Garner, David"]
[Black "Dilleigh, Stephen"]
[Result "1/2-1/2"]
[WhiteElo "2090"]
[BlackElo "2072"]
[PlyCount "106"]
[EventDate "1998.10.24"]
[SourceDate "1998.10.28"]

1. e4 c5 2. c3 Nf6 3. e5 Nd5 4. Nf3 d6 5. Bc4 Nc7 6. exd6 Qxd6 7. O-O Nc6 8. d4
cxd4 9. cxd4 Be6 10. Bxe6 Qxe6 11. Nc3 Rd8 12. Re1 Qc4 13. Be3 e6 14. Rc1 Be7
15. a3 O-O 16. Ne4 Qd5 17. Qc2 Rd7 18. Nc5 Bxc5 19. dxc5 Rfd8 20. Ng5 Qd3 21.
Ne4 Qxc2 22. Rxc2 Nb5 23. Kf1 Nbd4 24. Rd2 Nb3 25. Rd6 Rxd6 26. Nxd6 b6 27. Ne4
bxc5 28. Nxc5 Nd2+ 29. Ke2 Nc4 30. Nd3 Nxe3 31. Kxe3 Kf8 32. Rc1 Ne7 33. g3
Nd5+ 34. Ke2 Ke7 35. Rc5 h6 36. b4 Rb8 37. Ne5 Rb7 38. Nc4 Rc7 39. Rxc7+ Nxc7
40. Kd3 f6 41. a4 e5 42. Ne3 Ke6 43. b5 f5 44. Nc2 Kd5 45. Nb4+ Kc5 46. Nc6 a6
47. Nxe5 axb5 48. axb5 Nxb5 49. Ke3 Kd5 50. Kf4 g5+ 51. Kxf5 Nd6+ 52. Kf6 Ne4+
53. Kf5 Nd6+ 1/2-1/2

[Event "4NCL-9899B IK2-BR2"]
[Site "Rd1-Warwick"]
[Date "1998.10.24"]
[Round "1.6"]
[White "Grossett, Duncan"]
[Black "Kissoon, Alvin"]
[Result "1-0"]
[WhiteElo "2048"]
[BlackElo "2115"]
[PlyCount "63"]
[EventDate "1998.10.24"]
[SourceDate "1998.10.28"]

1. Nf3 Nf6 2. d4 d5 3. c4 c6 4. Nc3 e6 5. e3 Nbd7 6. Bd3 dxc4 7. Bxc4 b5 8. Bd3
a6 9. O-O Bb7 10. Qe2 Qc7 11. Bd2 c5 12. Rac1 c4 13. Bb1 Qb8 14. Rfe1 Bd6 15.
e4 Bf4 16. e5 Bxf3 17. gxf3 Nh5 18. Ne4 h6 19. Nd6+ Ke7 20. Rcd1 Nb6 21. Qe4
Bxd2 22. Rxd2 g5 23. Nxf7 Nf4 24. Nxh8 Qxh8 25. Qb7+ Nd7 26. d5 exd5 27. e6 Rd8
28. exd7+ Kf7 29. Rxd5 Nxd5 30. Qxd5+ Kf6 31. Re6+ Kg7 32. Re7+ 1-0

[Event "4NCL-9899B IK2-BR2"]
[Site "Rd1-Warwick"]
[Date "1998.10.24"]
[Round "1.7"]
[White "Noakes, Matthew"]
[Black "Buckley, David"]
[Result "0-1"]
[WhiteElo "2016"]
[BlackElo "2110"]
[PlyCount "104"]
[EventDate "1998.10.24"]
[SourceDate "1998.10.28"]

1. d4 d5 2. c4 e6 3. Nc3 c6 4. e3 f5 5. Bd3 Nf6 6. Nge2 Bd6 7. O-O O-O 8. f4
Ne4 9. Qe1 Bd7 10. Kh1 Qf6 11. Rg1 Be8 12. Nd1 Bh5 13. Bxe4 dxe4 14. Bd2 Nd7
15. Bc3 Qf7 16. Nf2 Nf6 17. Ng3 h6 18. Nxh5 Qxh5 19. Qd1 Qxd1 20. Raxd1 g5 21.
g3 Kh7 22. h3 Kg6 23. Rd2 Rad8 24. Nd1 c5 25. Rc2 Kf7 26. b3 b6 27. Nb2 cxd4
28. Bxd4 Nd7 29. Rd1 e5 30. fxe5 Nxe5 31. Kg2 Ke6 32. Bc3 Nf3 33. b4 Be5 34.
Rxd8 Rxd8 35. Bxe5 Ne1+ 36. Kf2 Nxc2 37. Bc3 Rc8 38. Ke2 Na3 39. Kd2 Nxc4+ 40.
Nxc4 Rxc4 41. a3 Rxc3 42. Kxc3 f4 43. gxf4 gxf4 44. exf4 Kf5 45. Kd2 Kxf4 46.
Ke2 b5 47. Kf2 e3+ 48. Ke2 Ke4 49. h4 h5 50. Ke1 Kd3 51. Kd1 e2+ 52. Ke1 a6 0-1

[Event "4NCL-9899B NID-WR"]
[Site "Rd1-Warwick"]
[Date "1998.10.24"]
[Round "1.1"]
[White "Sinnett, Glyn"]
[Black "Brown, Stuart C"]
[Result "0-1"]
[WhiteElo "1865"]
[BlackElo "2376"]
[PlyCount "42"]
[EventDate "1998.10.24"]
[SourceDate "1998.10.28"]

1. d4 f5 2. g3 Nf6 3. Bg2 g6 4. Nh3 Bg7 5. c4 O-O 6. Nc3 d6 7. O-O c6 8. Nf4 e5
9. dxe5 dxe5 10. Qxd8 Rxd8 11. Nd3 e4 12. Nf4 g5 13. Nh3 h6 14. b3 Ne8 15. Bb2
Rd2 16. Rad1 Rxb2 17. Na4 Rxa2 18. Rd8 Nd7 19. Rxe8+ Kf7 20. Rxc8 Rxc8 21. Rd1
Ra1 0-1

[Event "4NCL-9899B NID-WR"]
[Site "Rd1-Warwick"]
[Date "1998.10.24"]
[Round "1.2"]
[White "Potts, Alan"]
[Black "Morris, Gareth"]
[Result "1-0"]
[WhiteElo "2270"]
[BlackElo "2170"]
[PlyCount "61"]
[EventDate "1998.10.24"]
[SourceDate "1998.10.28"]

1. e4 c5 2. Nf3 Nc6 3. Bb5 g6 4. O-O Bg7 5. Re1 Nf6 6. c3 O-O 7. d4 d5 8. e5
Ne4 9. Be3 Qb6 10. Qe2 c4 11. Bxc4 dxc4 12. d5 Qa6 13. dxc6 Qxc6 14. Bd4 Bf5
15. Nh4 b5 16. Qf3 Qe6 17. Rxe4 Bxe4 18. Qxe4 f6 19. Nd2 fxe5 20. Be3 Rad8 21.
Nhf3 Rd5 22. a4 a6 23. axb5 axb5 24. Ng5 Qd6 25. Ra6 Qxa6 26. Qxd5+ e6 27. Nxe6
Qa1+ 28. Nf1 Qa8 29. Qxb5 Rf7 30. Nxg7 Rxg7 31. Qxe5 1-0

[Event "4NCL-9899B NID-WR"]
[Site "Rd1-Warwick"]
[Date "1998.10.24"]
[Round "1.3"]
[White "Musson, Adam"]
[Black "Barrett, Stephen"]
[Result "1-0"]
[WhiteElo "2085"]
[BlackElo "2240"]
[PlyCount "67"]
[EventDate "1998.10.24"]
[SourceDate "1998.10.28"]

1. e4 c5 2. Nf3 e6 3. d4 cxd4 4. Nxd4 Nf6 5. Nc3 d6 6. g4 Nc6 7. g5 Nd7 8. Be3
Nb6 9. h4 d5 10. Bb5 Bd7 11. exd5 exd5 12. Qe2 Be7 13. O-O-O O-O 14. Bd3 Bb4
15. Nxc6 bxc6 16. Bd4 Re8 17. Qh5 g6 18. Qf3 Be6 19. Bf6 Qc8 20. Qf4 Be7 21. h5
Bf5 22. hxg6 Bxg6 23. Rxh7 Bxh7 24. Bxh7+ Kf8 25. g6 fxg6 26. Bh8+ Qf5 27. Qh6+
Kf7 28. Rg1 Rxh8 29. Bxg6+ Kf6 30. Bh7+ Ke5 31. Qe3+ Qe4 32. Bxe4 dxe4 33.
Qxe4+ Kd6 34. Rd1+ 1-0

[Event "4NCL-9899B NID-WR"]
[Site "Rd1-Warwick"]
[Date "1998.10.24"]
[Round "1.4"]
[White "Gayson, Peter"]
[Black "Fish, Andrew"]
[Result "1-0"]
[WhiteElo "2250"]
[BlackElo "2115"]
[PlyCount "159"]
[EventDate "1998.10.24"]
[SourceDate "1998.10.28"]

1. e4 e6 2. d4 d5 3. Nd2 Nf6 4. e5 Nfd7 5. Bd3 c5 6. c3 Nc6 7. Ne2 cxd4 8. cxd4
f6 9. exf6 Nxf6 10. O-O Bd6 11. Nf3 O-O 12. Bg5 Qe8 13. Bh4 Ne4 14. Ng3 Nf6 15.
Re1 g6 16. Nf1 Qf7 17. Bg3 Bb4 18. Re2 Qg7 19. a3 Ba5 20. Be5 Bb6 21. Bc2 Bd7
22. Ng3 Nxe5 23. Nxe5 Bb5 24. Bd3 Bxd3 25. Qxd3 Nd7 26. Nf3 Rae8 27. Rae1 Qf6
28. h4 Kh8 29. Qd2 Bc7 30. Nf1 Bf4 31. Qd3 Nb8 32. Ne3 Rc8 33. Ng4 Qf5 34. Qxf5
exf5 35. Nge5 Rc7 36. Nd3 Bd6 37. Re6 Rc6 38. Ng5 Kg7 39. Rxd6 Rxd6 40. Ne6+
Kg8 41. Nxf8 Kxf8 42. Nc5 b6 43. Ne6+ Kg8 44. Nc7 Nc6 45. Nb5 Rd7 46. Re8+ Kf7
47. Rh8 Ke6 48. Ra8 Na5 49. Nxa7 Nc4 50. Nc8 Rb7 51. b3 Nd2 52. b4 Nb3 53. Ra6
Nxd4 54. Nxb6 Ke5 55. Na4 Nc2 56. Nc5 Re7 57. Kf1 Kd4 58. Ne6+ Kc3 59. f4 d4
60. Rc6+ Kb3 61. Ke2 Nxa3 {(draw offer)} 62. Kd3 Kxb4 63. Kxd4 Rd7+ 64. Ke5 Rd2
65. Nf8 Rxg2 66. Nxh7 Rg4 67. Nf8 Nc4+ 68. Kf6 Rxh4 69. Nxg6 Rh5 70. Re6 Kc5
71. Re1 Nd6 72. Ne7 Rh8 73. Rc1+ Kd4 74. Rd1+ Kc5 75. Rd5+ Kc4 76. Rxd6 Rf8+
77. Kg5 Rf7 78. Nxf5 Kc5 79. Rd1 Rf8 80. Nh6 1-0

[Event "4NCL-9899B NID-WR"]
[Site "Rd1-Warwick"]
[Date "1998.10.24"]
[Round "1.5"]
[White "Price, Chris"]
[Black "Burnett, James"]
[Result "1-0"]
[WhiteElo "2115"]
[BlackElo "2104"]
[PlyCount "79"]
[EventDate "1998.10.24"]
[SourceDate "1998.10.28"]

1. Nf3 d5 2. d4 c6 3. Bg5 h6 4. Bh4 Qb6 5. b3 Bf5 6. e3 e6 7. Bd3 Bxd3 8. Qxd3
Nd7 9. O-O Ngf6 10. Nbd2 Be7 11. Ne5 Rd8 12. Nxd7 Rxd7 13. Nf3 O-O 14. Ne5 Rdd8
15. f4 Qc7 16. f5 Ne4 17. fxe6 Bxh4 18. exf7+ Kh7 19. Rf4 Bg5 20. Rxe4 dxe4 21.
Qxe4+ g6 22. h4 Bxe3+ 23. Qxe3 Qd6 24. c3 c5 25. dxc5 Qe6 26. Re1 Kg7 27. c4
Qf6 28. Qe4 Rd2 29. Rf1 Qe6 30. Rf3 g5 31. hxg5 hxg5 32. Rh3 Rd1+ 33. Kh2 Rxf7
34. Rh7+ Kg8 35. Rxf7 Qh6+ 36. Kg3 Rh1 37. Rf2 Qh2+ 38. Kf3 Qh5+ 39. Qg4 Qh6
40. Qc8+ 1-0

[Event "4NCL-9899B NID-WR"]
[Site "Rd1-Warwick"]
[Date "1998.10.24"]
[Round "1.6"]
[White "Peart, Alan"]
[Black "Cleveland, Richard"]
[Result "0-1"]
[WhiteElo "2119"]
[BlackElo "2030"]
[PlyCount "100"]
[EventDate "1998.10.24"]
[SourceDate "1998.10.28"]

1. e4 Nc6 2. Bc4 Nf6 3. Nc3 d6 4. d3 Na5 5. Bb3 Nxb3 6. axb3 c6 7. Bg5 h6 8.
Bh4 e5 9. Nge2 g5 10. Bg3 Nh5 11. d4 Nf4 12. Bxf4 gxf4 13. Qd3 Be7 14. g3 fxg3
15. hxg3 Bf6 16. O-O-O a6 17. Kb1 b5 18. f4 a5 19. Qf3 Qe7 20. fxe5 dxe5 21. d5
Bd7 22. dxc6 Bxc6 23. Nd5 Bxd5 24. Rxd5 a4 25. Rf1 Bg7 26. Rxb5 O-O 27. bxa4
Rxa4 28. Nc3 Ra6 29. Qf2 Rfa8 30. b4 Qc7 31. Rc5 Qa7 32. Ra5 Rxa5 33. bxa5 Qxa5
34. Qxf7+ Kh8 35. Na2 Qb5+ 36. Kc1 Rxa2 37. Qxa2 Qxf1+ 38. Kb2 Qb5+ 39. Qb3
Qxb3+ 40. Kxb3 Kg8 41. Kc4 Kf7 42. Kd5 Ke7 43. c4 Kd7 44. g4 Bf6 45. c5 Bh8 46.
c6+ Kc7 47. Kc5 Bf6 48. Kd5 Bg7 49. Ke6 Kxc6 50. Kf7 Bh8 0-1

[Event "4NCL-9899B NID-WR"]
[Site "Rd1-Warwick"]
[Date "1998.10.24"]
[Round "1.7"]
[White "Davies, Chris"]
[Black "White, Mark"]
[Result "1/2-1/2"]
[WhiteElo "1955"]
[BlackElo "1976"]
[PlyCount "65"]
[EventDate "1998.10.24"]
[SourceDate "1998.10.28"]

1. e4 c5 2. Nf3 Nc6 3. d3 d6 4. g3 g6 5. Bg2 Bg7 6. c3 Nf6 7. O-O O-O 8. Na3
Rb8 9. Nc2 b5 10. Nh4 Bb7 11. f4 a5 12. Ne3 Nd7 13. Nf3 b4 14. Bd2 Ba6 15. Qc2
Qc8 16. c4 e6 17. Rae1 Nd4 18. Nxd4 cxd4 19. Ng4 Nc5 20. f5 f6 21. fxe6 Nxe6
22. Bh6 Bxh6 23. Nxh6+ Kg7 24. Ng4 h5 25. Nf2 Nc5 26. b3 Qc7 27. Nh3 Ne6 28.
Nf4 Nxf4 29. Rxf4 Rf7 30. Bh3 Bc8 31. Bxc8 Rxc8 32. Ref1 Rcf8 33. Qf2 1/2-1/2

[Event "4NCL-9899B NID-WR"]
[Site "Rd1-Warwick"]
[Date "1998.10.24"]
[Round "1.8"]
[White "Forbes, Cathy"]
[Black "Wilson, Julie"]
[Result "1-0"]
[WhiteElo "2110"]
[BlackElo "1685"]
[PlyCount "47"]
[EventDate "1998.10.24"]
[SourceDate "1998.10.28"]

1. d4 Nf6 2. Nf3 e6 3. c3 b6 4. Bg5 Bb7 5. Nbd2 Be7 6. h3 d6 7. Qc2 Nbd7 8. e4
e5 9. Bb5 a6 10. Bd3 h6 11. Be3 O-O 12. dxe5 Nxe5 13. Nxe5 dxe5 14. Nc4 Nd7 15.
O-O-O Qe8 16. g4 Bh4 17. Rhg1 Qe7 18. Kb1 Nc5 19. f3 Nxd3 20. Rxd3 Rad8 21.
Rgd1 f6 22. Bg1 Kh8 23. Ne3 Bg5 24. Nf5 1-0

[Event "4NCL-9899B SL2-KH"]
[Site "Rd1-Warwick"]
[Date "1998.10.24"]
[Round "1.1"]
[White "O'Brien, Richard"]
[Black "Thomas, Richard H"]
[Result "1/2-1/2"]
[WhiteElo "2085"]
[BlackElo "2295"]
[PlyCount "45"]
[EventDate "1998.10.24"]
[SourceDate "1998.10.28"]

1. e4 Nc6 2. Nc3 e5 3. f4 Bc5 4. Nf3 d6 5. Na4 Bb6 6. Nxb6 axb6 7. d3 Nge7 8.
Be2 O-O 9. O-O f5 10. exf5 Nxf5 11. c3 h6 12. g4 Nh4 13. Qe1 Nxf3+ 14. Bxf3
exf4 15. Bxf4 Qf6 16. Qd2 Be6 17. Bg3 Qe7 18. d4 d5 19. b3 Qd7 20. Qg2 Rad8 21.
h3 b5 22. b4 Ne7 23. Rae1 1/2-1/2

[Event "4NCL-9899B SL2-KH"]
[Site "Rd1-Warwick"]
[Date "1998.10.24"]
[Round "1.2"]
[White "McMichael, Rick"]
[Black "Richmond, Robert"]
[Result "0-1"]
[WhiteElo "2255"]
[BlackElo "2112"]
[PlyCount "92"]
[EventDate "1998.10.24"]
[SourceDate "1998.10.28"]

1. b3 d5 2. Bb2 Nf6 3. e3 g6 4. f4 Bg7 5. Nf3 O-O 6. Be2 Nbd7 7. O-O c6 8. Qe1
Ne4 9. Bxg7 Kxg7 10. d3 Nd6 11. Nbd2 Qb6 12. d4 Nf6 13. Bd3 Bf5 14. Ne5 h5 15.
Kh1 Rh8 16. Ndf3 Ng4 17. Nh4 Be4 18. Qg3 Nf5 19. Nxf5+ gxf5 20. h3 h4 21. Qe1
Nf6 22. Nf3 Bxf3 23. gxf3 e6 24. Rg1+ Kf8 25. Rg5 Ke7 26. Qf2 c5 27. dxc5 Qxc5
28. Rag1 Nh5 29. Qe1 Ng3+ 30. Kh2 Rag8 31. Rg2 f6 32. Rxg8 Rxg8 33. c4 dxc4 34.
Bxc4 b5 35. Bd3 Rd8 36. Rc2 Qb6 37. Qb4+ Kf7 38. Qxb5 Qxe3 39. Bf1 Qxf4 40.
Qb7+ Kg6 41. Rg2 Kh6 42. Qe7 Nxf1+ 43. Kg1 Qd4+ 44. Kxf1 Qd1+ 45. Kf2 Rd2+ 46.
Ke3 Qe1+ 0-1

[Event "4NCL-9899B SL2-KH"]
[Site "Rd1-Warwick"]
[Date "1998.10.24"]
[Round "1.3"]
[White "Mashayekh, Majid"]
[Black "Mackenzie, Colin"]
[Result "1/2-1/2"]
[WhiteElo "2065"]
[BlackElo "2125"]
[PlyCount "54"]
[EventDate "1998.10.24"]
[SourceDate "1998.10.28"]

1. d4 e6 2. c4 Nf6 3. Nf3 b6 4. g3 Ba6 5. b3 Bb4+ 6. Bd2 Be7 7. Bg2 Bb7 8. Nc3
O-O 9. O-O c5 10. dxc5 bxc5 11. Qc2 Nc6 12. Rad1 d5 13. cxd5 exd5 14. Bg5 Nb4
15. Qb1 Qa5 16. Ne5 Rad8 17. Rfe1 Ba8 18. Bf4 Rfe8 19. a4 g6 20. e4 Nxe4 21.
Nxe4 dxe4 22. Nc4 Qa6 23. Bxe4 Nc6 24. Rxd8 Rxd8 25. Bh6 Bf6 26. Bg2 Qc8 27.
Be3 Nd4 1/2-1/2

[Event "4NCL-9899B SL2-KH"]
[Site "Rd1-Warwick"]
[Date "1998.10.24"]
[Round "1.4"]
[White "O'Shaughnessy, Conor"]
[Black "Crichton, Martin"]
[Result "1-0"]
[WhiteElo "2190"]
[BlackElo "2030"]
[PlyCount "57"]
[EventDate "1998.10.24"]
[SourceDate "1998.10.28"]

1. e4 c6 2. c4 d5 3. exd5 cxd5 4. d4 Nf6 5. Nc3 Nc6 6. Nf3 Bg4 7. cxd5 Nxd5 8.
Bc4 e6 9. Be3 Bb4 10. Rc1 O-O 11. O-O Rc8 12. Be2 Nce7 13. Qb3 a6 14. h3 Bh5
15. Nxd5 Nxd5 16. a3 Nxe3 17. fxe3 Rxc1 18. Rxc1 Bd6 19. Qxb7 Bxf3 20. Bxf3 Qg5
21. Kf2 Qg3+ 22. Ke2 g6 23. Qxa6 Kg7 24. Rc6 Be7 25. Qb7 Bh4 26. Rc2 Qf2+ 27.
Kd3 Qf1+ 28. Be2 Qxg2 29. Qxg2 1-0

[Event "4NCL-9899B SL2-KH"]
[Site "Rd1-Warwick"]
[Date "1998.10.24"]
[Round "1.5"]
[White "De Coverly, Roger"]
[Black "Ward, Julian"]
[Result "1-0"]
[WhiteElo "2110"]
[BlackElo "2056"]
[PlyCount "83"]
[EventDate "1998.10.24"]
[SourceDate "1998.10.28"]

1. e4 c5 2. Nc3 Nc6 3. Nf3 g6 4. g3 Bg7 5. Bg2 e6 6. O-O Nge7 7. Rb1 O-O 8. d3
d6 9. Bd2 Rb8 10. a3 b5 11. Qc1 Re8 12. Bh6 Bh8 13. h4 a5 14. a4 b4 15. Nb5 Nd4
16. Nfxd4 cxd4 17. Bf4 e5 18. Bd2 d5 19. f4 f5 20. fxe5 dxe4 21. dxe4 fxe4 22.
Bxe4 Bxe5 23. Bg5 Bh3 24. Bd3 Qd5 25. Qd2 Nf5 26. b3 Ne3 27. Bxe3 dxe3 28. Qe2
Kh8 29. Qf3 Red8 30. Be4 Qc5 31. Rfe1 Qc8 32. Rxe3 Rf8 33. Qe2 Bg4 34. Qe1 Qc5
35. Kh2 Rf6 36. Bg2 Re8 37. Qd2 Rd6 38. Nxd6 Rf8 39. Ne4 Qa7 40. Rf1 Rxf1 41.
Bxf1 Bd4 42. Rd3 1-0

[Event "4NCL-9899B SL2-KH"]
[Site "Rd1-Warwick"]
[Date "1998.10.24"]
[Round "1.6"]
[White "Gilfillan, Andrew"]
[Black "Armstrong, Malcolm"]
[Result "1-0"]
[WhiteElo "2032"]
[BlackElo "1976"]
[PlyCount "79"]
[EventDate "1998.10.24"]
[SourceDate "1998.10.28"]

1. e4 c6 2. d4 d5 3. e5 Bf5 4. Nf3 e6 5. Be2 Ne7 6. O-O c5 7. b3 Nec6 8. c3 Nd7
9. Na3 cxd4 10. cxd4 Be7 11. Nc2 O-O 12. Ne3 Be4 13. Bb2 Rc8 14. Nd2 Bg6 15. f4
Qb6 16. Nf3 f6 17. f5 Bxf5 18. Nxf5 exf5 19. Nh4 fxe5 20. Nxf5 Bf6 21. Kh1 Nxd4
22. Bg4 Rcd8 23. Ba3 Nc5 24. Rc1 Nde6 25. Ne3 Ne4 26. Bxe6+ Qxe6 27. Bxf8 Kxf8
28. Qh5 Kg8 29. Rc7 d4 30. Nf5 d3 31. Qg4 Ng5 32. h4 Qb6 33. hxg5 Qxc7 34. gxf6
g6 35. Nh6+ Kh8 36. Qe6 Rf8 37. f7 Kg7 38. Ng4 h5 39. Qf6+ Kh7 40. Nxe5 1-0

[Event "4NCL-9899B SL2-KH"]
[Site "Rd1-Warwick"]
[Date "1998.10.24"]
[Round "1.7"]
[White "Laurence, Adrian"]
[Black "Shah, Arpi"]
[Result "1-0"]
[WhiteElo "1752"]
[BlackElo "2030"]
[PlyCount "39"]
[EventDate "1998.10.24"]
[SourceDate "1998.10.28"]

1. c4 c6 2. Nc3 d5 3. cxd5 cxd5 4. d4 Nf6 5. g3 Nc6 6. Bg2 g6 7. Bf4 a6 8. Nf3
Bg7 9. O-O O-O 10. Qd2 Re8 11. Rad1 e6 12. Rfe1 Bd7 13. Bg5 Qb6 14. Bxf6 Bxf6
15. e3 Na5 16. b3 Rac8 17. e4 Qb4 18. Nxd5 Qxd2 19. Nxf6+ Kg7 20. Nxe8+ 1-0

[Event "4NCL-9899B SL2-KH"]
[Site "Rd1-Warwick"]
[Date "1998.10.24"]
[Round "1.8"]
[White "Compton, Alistair"]
[Black "Houska, Ivana"]
[Result "1-0"]
[WhiteElo "2015"]
[BlackElo "1680"]
[PlyCount "92"]
[EventDate "1998.10.24"]
[SourceDate "1998.10.28"]

1. e4 c6 2. d4 d5 3. e5 Bf5 4. Nc3 e6 5. g4 Bg6 6. Nge2 Bb4 7. h4 Be4 8. Rh3 h6
9. Ng3 Bxc3+ 10. bxc3 Bg6 11. Rb1 Qc7 12. f4 Ne7 13. Ba3 Qa5 14. Rb3 Nd7 15.
Bxe7 Kxe7 16. f5 Bh7 17. Qd2 Qxa2 18. Bd3 a5 19. g5 Qa1+ 20. Kf2 b5 21. gxh6
gxh6 22. f6+ Kd8 23. Rh1 Qa2 24. Qxh6 Nf8 25. Bxh7 Nxh7 26. Rc1 a4 27. Rb4 Kc7
28. Qg7 Raf8 29. Ne2 Qa3 30. Qg1 Rfg8 31. Qd1 Nf8 32. Ra1 Qxa1 33. Qxa1 Rxh4
34. Rb1 Rh2+ 35. Ke3 Rgg2 36. Re1 Ng6 37. Qa3 Rh3+ 38. Kd2 Rhh2 39. Kd1 Nh4 40.
Qd6+ Kb6 41. c4 Nf3 42. Qb8+ Ka5 43. Qa7+ Kb4 44. Qc5+ Ka5 45. c3 Ka6 46. Qxc6+
Ka7 1-0

[Event "4NCL-9899B SWD-BIG2"]
[Site "Rd1-Warwick"]
[Date "1998.10.24"]
[Round "1.1"]
[White "Cooper, John"]
[Black "Collinson, Adam"]
[Result "0-1"]
[WhiteElo "2350"]
[BlackElo "2405"]
[PlyCount "88"]
[EventDate "1998.10.24"]
[SourceDate "1998.10.28"]

1. d4 d6 2. e4 Nf6 3. Nc3 e5 4. dxe5 dxe5 5. Qxd8+ Kxd8 6. Nf3 Bd6 7. Bc4 Be6
8. Bxe6 fxe6 9. Ng5 Ke7 10. f3 a6 11. Nd1 Nc6 12. c3 b5 13. Nh3 Na5 14. Nhf2 h6
15. Ke2 c5 16. Ne3 c4 17. Nc2 Nd7 18. Be3 Nc5 19. Rhd1 Na4 20. Rab1 Nc6 21. Rd2
Rhd8 22. Nd1 Bc5 23. Bxc5+ Nxc5 24. Rxd8 Rxd8 25. b3 cxb3 26. axb3 Na5 27. b4
Nc4 28. Nce3 Rd2+ 29. Kf1 Rxd1+ 30. Nxd1 Nd2+ 31. Ke2 Nxb1 32. bxc5 Kd7 33. Kd3
Kc6 34. Kc2 Na3+ 35. Kb3 Nc4 36. Nf2 Kxc5 37. Nd3+ Kd6 38. Kb4 Kc6 39. f4 a5+
40. Kb3 exf4 41. Nxf4 Kd6 42. Ne2 e5 43. Kc2 Ne3+ 44. Kd3 Nxg2 0-1

[Event "4NCL-9899B SWD-BIG2"]
[Site "Rd1-Warwick"]
[Date "1998.10.24"]
[Round "1.2"]
[White "Mason, Don"]
[Black "Cobb, James"]
[Result "1/2-1/2"]
[WhiteElo "2295"]
[BlackElo "2305"]
[PlyCount "45"]
[EventDate "1998.10.24"]
[SourceDate "1998.10.28"]

1. e4 Nc6 2. d4 e5 3. d5 Nce7 4. g3 Nf6 5. Bg2 Ng6 6. Be3 b6 7. h4 h5 8. f3 Bc5
9. Bxc5 bxc5 10. Nd2 d6 11. Nc4 Ba6 12. Bf1 Ne7 13. Qd2 O-O 14. Nh3 c6 15. Ne3
Bxf1 16. Rxf1 cxd5 17. exd5 Qd7 18. Ng5 Rab8 19. c4 Rb4 20. Qc2 g6 21. Rf2 Ne8
22. f4 exf4 23. Rxf4 1/2-1/2

[Event "4NCL-9899B SWD-BIG2"]
[Site "Rd1-Warwick"]
[Date "1998.10.24"]
[Round "1.3"]
[White "Dineley, Richard"]
[Black "Barnes, Michael"]
[Result "0-1"]
[WhiteElo "2275"]
[BlackElo "2245"]
[PlyCount "66"]
[EventDate "1998.10.24"]
[SourceDate "1998.10.28"]

1. e4 c5 2. Nf3 Nc6 3. d4 cxd4 4. Nxd4 Qb6 5. Nb3 Nf6 6. Nc3 e6 7. Bd3 a6 8.
Qe2 d6 9. f4 Be7 10. Be3 Qc7 11. O-O O-O 12. Kh1 b5 13. Qf3 Bb7 14. Qh3 Nb4 15.
Rac1 Rac8 16. a3 Nxd3 17. cxd3 Qd7 18. Na5 Ba8 19. b4 d5 20. e5 d4 21. exf6
Bxf6 22. Ne4 dxe3 23. Nxf6+ gxf6 24. Qxe3 Qd5 25. Rg1 Rxc1 26. Qxc1 Qxd3 27.
Qb2 Kg7 28. Nb3 Rd8 29. Nc5 Qe3 30. Qc1 Rd2 31. Qe1 Qxe1 32. Rxe1 Rxg2 33. Ne4
Rg4 0-1

[Event "4NCL-9899B SWD-BIG2"]
[Site "Rd1-Warwick"]
[Date "1998.10.24"]
[Round "1.4"]
[White "Dighton, Simon"]
[Black "Zeidler, Sven"]
[Result "0-1"]
[WhiteElo "2208"]
[BlackElo "2225"]
[PlyCount "150"]
[EventDate "1998.10.24"]
[SourceDate "1998.10.28"]

1. e4 d5 2. exd5 Qxd5 3. Nc3 Qa5 4. d4 Nf6 5. Nf3 Bg4 6. h3 Bh5 7. g4 Bg6 8.
Ne5 e6 9. h4 Nbd7 10. Nxd7 Kxd7 11. Bd2 h5 12. g5 Nd5 13. Bg2 Bb4 14. Nxd5 exd5
15. Bh3+ Kd8 16. c3 Re8+ 17. Be3 Bd6 18. O-O c6 19. Bd2 Qb5 20. f4 Bd3 21. Rf2
Qxb2 22. Rc1 g6 23. c4 Qxd4 24. Bc3 Qe3 25. cxd5 Qxh3 26. dxc6 Kc7 27. cxb7
Qg3+ 28. Rg2 Bc5+ 29. Bd4 Re1+ 30. Qxe1 Qxe1+ 31. Rxe1 Bxd4+ 32. Kh2 Rd8 33.
Re7+ Kb8 34. Rxf7 Be4 35. Re2 Bxb7 36. f5 gxf5 37. Rxf5 Bb6 38. g6 Bc7+ 39. Kg1
Bb6+ 40. Kh2 Bc7+ 41. Kg1 Rd1+ 42. Kf2 Bb6+ 43. Kg3 Rg1+ 44. Kf4 Rg4+ 45. Ke5
Bd4+ 46. Kd6 Rxg6+ 47. Ke7 Rh6 48. Rd2 Rh7+ 49. Kd6 Bc8 50. Rxh5 Rxh5 51. Rxd4
Ra5 52. a4 Kb7 53. Rb4+ Ka6 54. Rc4 Bb7 55. Kc7 Rh5 56. Rf4 Rh7+ 57. Kd6 Ka5
58. Kc5 Ba6 59. Kd6 Bd3 60. Kc5 Bc2 61. Kd4 Rc7 62. h5 Kxa4 63. h6 Kb3 64. Rf6
Rc4+ 65. Ke3 a5 66. Kd2 Kb2 67. Rf7 Rd4+ 68. Ke3 Rh4 69. Rb7+ Bb3 70. h7 a4 71.
Kd3 a3 72. Rg7 Bc2+ 73. Kd2 Rxh7 74. Rg8 Rd7+ 75. Ke3 a2 0-1

[Event "4NCL-9899B SWD-BIG2"]
[Site "Rd1-Warwick"]
[Date "1998.10.24"]
[Round "1.6"]
[White "Evans, Raymond"]
[Black "Saunders, John"]
[Result "1/2-1/2"]
[WhiteElo "2168"]
[BlackElo "2195"]
[PlyCount "53"]
[EventDate "1998.10.24"]
[SourceDate "1998.10.28"]

1. e4 g6 2. d4 d6 3. c4 Nf6 4. Nc3 Bg7 5. Be2 O-O 6. Nf3 e5 7. O-O Nc6 8. d5
Ne7 9. b4 Nh5 10. c5 Nf4 11. Bxf4 exf4 12. Rc1 a5 13. Nb5 axb4 14. cxd6 cxd6
15. Qb3 Qb6 16. Rc7 Bf6 17. Rfc1 Bg4 18. Bc4 Rac8 19. Rxc8 Nxc8 20. Qxb4 Re8
21. Bd3 Rd8 22. Qd2 Bd7 23. Rb1 g5 24. h3 Ne7 25. a4 Bxb5 26. Rxb5 Qc7 27. Qb4
1/2-1/2

[Event "4NCL-9899B SWD-BIG2"]
[Site "Rd1-Warwick"]
[Date "1998.10.24"]
[Round "1.7"]
[White "Richmond, Peter"]
[Black "Galloway, Iain"]
[Result "1/2-1/2"]
[WhiteElo "2190"]
[BlackElo "2112"]
[PlyCount "92"]
[EventDate "1998.10.24"]
[SourceDate "1998.10.28"]

1. e4 c5 2. Nf3 d6 3. d4 cxd4 4. Nxd4 Nf6 5. Nc3 g6 6. Bc4 Bg7 7. h3 O-O 8. O-O
Nc6 9. Nb3 Bd7 10. Re1 Rc8 11. Bf1 Ne5 12. Qd4 Bxh3 13. Qxa7 Qd7 14. Bf4 Nc6
15. Qe3 Be6 16. Rad1 Bxb3 17. cxb3 e5 18. Bg5 Nd4 19. Bxf6 Bxf6 20. Qg3 Bg7 21.
Bc4 Kh8 22. a4 f5 23. Qh3 Qd8 24. Nb5 Nxb5 25. Bxb5 fxe4 26. Bc4 Qf6 27. Qg3
Bh6 28. Rxe4 Bf4 29. Qf3 Qg5 30. g3 Rf6 31. Qg2 Bc1 32. Re2 Rcf8 33. Rf1 Qh6
34. Qxb7 Bf4 35. gxf4 Rxf4 36. Qg2 R8f5 37. Re3 e4 38. Rg3 d5 39. Be2 d4 40.
Rg4 d3 41. Bd1 e3 42. Rxf4 Qxf4 43. fxe3 Qxe3+ 44. Kh2 Qh6+ 45. Kg3 Qe3+ 46.
Kh2 Qh6+ 1/2-1/2